|
|
|
|
| LEADER |
00000cam a2200000 7i4500 |
| 001 |
0000009046 |
| 005 |
20160810.0 |
| 040 |
|
|
|a INS
|
| 090 |
0 |
0 |
|a HJ4165
|b U55 1968
|
| 110 |
2 |
|
|a United Nations .
|b Department of Economic and Social Affairs
|
| 245 |
1 |
0 |
|a Manual of land tax administration :
|b including valuation of urban and rural land and improvements
|
| 260 |
|
|
|a New York :
|b United nations ,
|c 1968
|
| 300 |
|
|
|a 176p ;
|c 28cm.
|
| 500 |
|
|
|a Includes index
|
| 650 |
0 |
0 |
|a Real Estate
|x Valuation
|z United State
|
| 650 |
0 |
0 |
|a Real property tax
|
| 700 |
1 |
|
|a Department of Economic and Social Affairs, United Nations
|
| 999 |
|
|
|a 0000022137
|b BOOK
|c Open Shelf
|e Default branch
|